BELOVED - GIVĒON (Tracklist) - Statistics

General Stats
  • This quiz has been taken 73 times
  • The average score is 11 of 14
Answer Stats
TRACKS % Correct
MUD
95%
TWENTIES
91%
RATHER BE
87%
AVALANCHE
82%
KEEPER
82%
NUMB
82%
STRANGERS
82%
DIAMONDS FOR YOUR PAIN
75%
GOOD BAD UGLY
75%
DON'T LEAVE
73%
BLEEDING
71%
BACKUP PLAN
69%
I CAN TELL
69%
SIX:THIRTY
60%
No matching quizzes found
Score Distribution
Percent of People with Each Score
Percentile by Number Answered
Your Score History
You have not taken this quiz